00265nam a2200109Ia 4500008004100000041001200041082001100053100001700064245006100081260000600142650000700148221030s9999 xx 000 0 und d aEnglish a105.23 aM. J. Mathew 0aPrinciples & Practice of Commerical lawcby M. J. Mathew c0 aMb